Y colorín colorado este cuento aún no se ha terminado / (Registro nro. 3578)

Detalles MARC
000 -LEADER
fixed length control field 00804nam a2200205Ia 4500
003 - CONTROL NUMBER IDENTIFIER
control field OSt
005 - DATE AND TIME OF LATEST TRANSACTION
control field 20250729161622.0
008 - FIXED-LENGTH DATA ELEMENTS--GENERAL INFORMATION
fixed length control field 191128t2002 mx br 000 j spa d
020 ## - INTERNATIONAL STANDARD BOOK NUMBER
International Standard Book Number 968133762X
040 ## - CATALOGING SOURCE
Transcribing agency .
082 04 - DEWEY DECIMAL CLASSIFICATION NUMBER
Classification number J-C
Item number DUPc
100 1# - MAIN ENTRY--PERSONAL NAME
Personal name Dupeyron, Odin,
Relator term autor
9 (RLIN) 2951
245 12 - TITLE STATEMENT
Title Y colorín colorado este cuento aún no se ha terminado /
Statement of responsibility, etc. Odin Dupeyron
250 ## - EDITION STATEMENT
Edition statement primera edición
260 ## - PUBLICATION, DISTRIBUTION, ETC.
Place of publication, distribution, etc. México :
Name of publisher, distributor, etc. Editorial Diana,
Date of publication, distribution, etc. ©2002
300 ## - PHYSICAL DESCRIPTION
Extent 135 páginas ;
Dimensions 21 cm
520 ## - SUMMARY, ETC.
Summary, etc. Y colorín colorado este cuento aún no se ha acabado nos habla de los finales y los eternos comenzares de la vida. De los viejos cículos que se cierran y de los nuevos círculos que se abren, de todas las posibilidades, de todos los principios.
650 ## - SUBJECT ADDED ENTRY--TOPICAL TERM
Topical term or geographic name entry element Cuentos
9 (RLIN) 2952
942 ## - ADDED ENTRY ELEMENTS (KOHA)
Source of classification or shelving scheme Dewey Decimal Classification
Koha item type Books
Existencias
Withdrawn status Lost status Source of classification or shelving scheme Damaged status Not for loan Collection code Home library Current library Date acquired Source of acquisition Cost, normal purchase price Total Checkouts Total Renewals Full call number Barcode Date last seen Date last checked out Copy number Koha item type
    Dewey Decimal Classification     Fiction Biblioteca Pública José María del Castillo y Rada Biblioteca Pública José María del Castillo y Rada 11/28/2019 Donación 0.00 1 1 J-C DUPc 201807444 09/13/2022 08/23/2022 Ej.1 Books